How children learn mathematic : teaching implications of piagets research

Bibliographic Details
Main Author: Copeland, Richard W.
Format: Book
Language:English
Published: New York : MacMillan , c1979
Edition:Third Edition
Subjects:

MARC

LEADER 00000cam a2200000 7i4500
001 0000001151
005 20230530.0
008 991125 nyu eng
020 |a 0023247800 (hbk) 
040 |a INS 
090 0 0 |a QA135.5   |b .C597 1979 
100 1 |a Copeland, Richard W. 
245 1 0 |a How children learn mathematic :   |b teaching implications of piagets research   |c Richard W. Copeland 
250 |a Third Edition 
260 |a New York :   |b MacMillan ,   |c c1979 
300 |a vii, 419p. :   |b ill. ;   |c 24 cm. 
504 |a Includes bibliographical references and index 
650 0 |a Mathematics   |x Study and teaching (Elementary) 
999 |a 0000002257   |b BOOK   |c Open Shelf   |e Default branch